00620nam a2200205Ia 450000500170000000800410001702000220005804000190008004100120009908200160011110000200012724500760014726000360022330000120025963000370027163000150030865000380032365100430036185000100040420230511095526.0131103s9999 xx 000 0 und d a670058203cRs 325 aLoreto College aEnglish a823.91bTHA aTharoor, Shashi aBookless in Baghdadb And other writings about reading cShashi Tharoor aNew DelhibPenguin Vikingc2005 ax,236p  aBooks and Reading, Iraq, Baghdad aAuthorship aLiterature, History and Criticism aAuthors Indic, 20th Century, Biography aLCLIB